|
|
|
|
| LEADER |
00923nam a2200229 a 4500 |
| 001 |
GR-Patra34454 |
| 008 |
131022s2011 nyu e 000 b eng d |
| 020 |
|
|
|a 9781617283529
|
| 040 |
|
|
|a GrPaTEI
|b gre
|c GR-PaULI
|
| 040 |
|
|
|a GrPaTEI
|b gre
|c GR-PaULI
|
| 082 |
|
0 |
|a 153.43
|
| 245 |
0 |
0 |
|a Case-based reasoning :
|b processes, suitability and applications ; Antonia M. Leeland, editor.
|
| 260 |
|
|
|a New York :
|b Nova Science Publishers,
|c c2011
|
| 300 |
|
|
|a x,171 σ. :
|b πίν.,εικ. ;
|c 23 εκ.
|
| 500 |
|
|
|a Περιλαμβάνει ευρετήριο.
|
| 650 |
|
0 |
|a Reasoning
|
| 700 |
1 |
|
|a Leeland, Antonia M.
|
| 710 |
0 |
|
|a Nova Science Publishers
|
| 942 |
|
|
|2 ddc
|
| 952 |
|
|
|0 0
|1 0
|2 ddc
|4 0
|6 153_430000000000000_CAS
|7 1
|9 316546
|a LISK
|b LISK
|c BSC
|d 2021-01-17
|e 24
|f 0
|g 0.00
|l 0
|o 153.43 CAS
|p 92410052244
|r 2021-01-17 00:00:00
|t 1
|w 2021-01-17
|y BKN
|x 20131022 0 0
|x GrPaTEI
|
| 971 |
|
|
|a .b26820262
|b 01-10-20
|c 27-09-16
|
| 999 |
|
|
|c 180238
|d 180238
|